000
00319nam a22001457a 4500
003
SGT
020
_a
97881920230014
082
_a
340,SHA
100
_a
SHANA JYOTSNA WILLIAM
245
_a
DOMESTIC VIOLENCE
260
_a
NEW DELHI
_b
PAL PUBLISHING
_c
2011
300
_a
312
650
_a
LAW BOOKS
942
_2
ddc
_c
BK
999
_c
10155
_d
10155